Größte Blutexporteure der Welt - Statistiken

Allgemein
  • Dieses Quiz wurde 106 mal gespielt
  • Das Durchschnittsergebnis liegt bei 8 aus 10
Antwortstatistiken
Exporte (in Mrd. €) Land Weltmarkanteil % Korrekt
25,1 Deutschland 14,0%
99%
23,1 USA 12,9%
97%
6,7 Frankreich 3,7%
93%
7,5 Italien 4,2%
91%
4,2 Niederlande 2,3%
74%
19,8 Belgien 11,0%
70%
6,6 Großbritannien 3,7%
70%
4,4 Österreich 2,5%
69%
30,8 Schweiz 17,2%
69%
30,7 Irland 17,1%
46%
Keine übereinstimmenden Quizze gefunden
Verteilung der Resultate
Anzahl Personen mit jedem Resultat
Perzentil nach korrekt beantworteten Fragen
Ihre Resultats-Entwicklung
Sie haben dieses Quiz noch nicht gespielt